| 000 | 00000nam##2200000za#4500 |
| 001 | 9.572373 |
| 003 | CaOODSP |
| 005 | 20210929082754 |
| 007 | cr ||||||||||| |
| 008 | 150406|1999||||xxc|||||o f|0| 0 eng|d |
| 040 | |aCaOODSP|beng |
| 043 | |an-cn--- |
| 086 | 1 |aFo29-47/20-1999E-PDF |
| 110 | 1 |aCanada. |bNatural Resources Canada. |bCanadian Forest Service. |
| 245 | 10|aAnnosus root disease in pre-commercially thinned stands in coastal British Columbia|h[electronic resource]|c[by] D.J. Morrison and A.L.S. Johnson. |
| 260 | |aVictoria - British Columbia : |bNatural Resources Canada. |cDecember 1999. |
| 300 | |a4p.|bgraph, table, photographs |
| 490 | 1 |aTechnology transfer note|vNo. 20 |
| 500 | |aThe catalogue number (Fo29-47/20-1999E) and ISBN (0-662-28323-6) for the print edition have been incorrectly copied in this electronic publication. |
| 504 | |aBibliography. |
| 590 | |a11-30-Supp|b2011-12-02 |
| 690 | 07|aTrees|2gcpds |
| 690 | 07|aPlant diseases|2gcpds |
| 690 | 07|aFungi|2gcpds |
| 720 | 1 |aMorrison, D. J. |
| 720 | 1 |aJohnson, A. L. S. |
| 776 | 0#|tAnnosus root disease in pre-commercially thinned stands in coastal British Columbia|w(CaOODSP)9.614986 |
| 830 | #0|aTechnology transfer note ;|vNo. 20|w(CaOODSP)9.504768 |
| 856 | 40|ahttp://publications.gc.ca|qPDF|s197 KB|uhttps://publications.gc.ca/collections/Collection/Fo29-47-20-1999E.pdf|yNo. 20 |